Die Entwicklung der landwirtschaftlichen Siedlung in der Provinz Grenzmark Posen-Westpreussen. (Record no. 37444)

MARC details
000 -LEADER
fixed length control field 00463cam a22001697 4500
001 - CONTROL NUMBER
control field ltf91004523
003 - CONTROL NUMBER IDENTIFIER
control field DLC
005 - DATE AND TIME OF LATEST TRANSACTION
control field 20260227111551.0
008 - FIXED-LENGTH DATA ELEMENTS--GENERAL INFORMATION
fixed length control field 910125s1929 gw 000 0 ger
010 ## - LIBRARY OF CONGRESS CONTROL NUMBER
LC control number ltf91004523
040 ## - CATALOGING SOURCE
Original cataloging agency DLC
Transcribing agency DLC
Modifying agency DLC
050 00 - LIBRARY OF CONGRESS CALL NUMBER
Classification number 4HD 2061
100 1# - MAIN ENTRY--PERSONAL NAME
Personal name Kummer, Kurt,
Dates associated with a name 1894-
245 14 - TITLE STATEMENT
Title Die Entwicklung der landwirtschaftlichen Siedlung in der Provinz Grenzmark Posen-Westpreussen.
260 ## - PUBLICATION, DISTRIBUTION, ETC.
Place of publication, distribution, etc. Berlin
Date of publication, distribution, etc. 1929.
300 ## - PHYSICAL DESCRIPTION
Extent 122 p.

No items available.

Powered by Koha